Kỹ thuật gia công kim hoàn

সংরক্ষণ করুন:
গ্রন্থ-পঞ্জীর বিবরন
প্রধান লেখক: Codina, Carles
বিন্যাস: গ্রন্থ
ভাষা:Vietnamese
প্রকাশিত: Đà Nẵng 2003
ট্যাগগুলো: ট্যাগ যুক্ত করুন
কোনো ট্যাগ নেই, প্রথমজন হিসাবে ট্যাগ করুন!
Thư viện lưu trữ: Mạng thư viện Đại học Đà Nẵng
LEADER 00676nam a2200253 4500
001 000022057
003 18505
005 20150424130412.0
008 150424s2003 viesd
020 |c 100000 
041 0 |a vie 
082 1 4 |a 739  |b CO-C 
100 1 |a Codina, Carles 
245 1 0 |a Kỹ thuật gia công kim hoàn  |c Carles Codina, Dawn Cusick ; Trần Thế San, Nguyễn Thành Phương dịch 
260 |b Đà Nẵng  |c 2003 
300 |a tr.  |c cm. 
OWN |a LSP 
999 |a From the UDN01 
TYP |a Monograph 
TYP |a Printed language 
980 |a Mạng thư viện Đại học Đà Nẵng